[Event "SG Turm Raesfeld/Erle 1 - Südlohner SV"]
[Site "Regionalliga 2015/2016"]
[Date "2016.04.09"]
[Round "8.4"]
[White "Pliete, Christian"]
[Black "Darwisch, Khaled"]
[Result "0-1"]
[WhiteElo "1832"]
[BlackElo "2001"]
[PlyCount "94"]
[EventDate "2016.??.??"]
[SourceDate "2015.09.11"]

1. e4 d6 2. Bc4 Nf6 3. d3 g6 4. Nc3 Bg7 5. Bg5 c6 6. Bb3 h6 7. Bh4 b5 8. Qd2 b4
9. Nd1 a5 10. Ba4 O-O 11. f4 Nfd7 12. c3 Nc5 13. Bc2 bxc3 14. bxc3 d5 15. e5 f6
16. d4 Ne4 17. Qe3 g5 18. Bg3 fxe5 19. fxe5 Bf5 20. Rc1 Nd7 21. Nf3 Nb6 22. Nd2
Nxd2 23. Qxd2 Nc4 24. Qe2 Bxc2 25. Qxc2 Qd7 26. Bf2 Rf4 27. O-O Raf8 28. Qd3
Re4 29. Ne3 Rxf2 30. Nxc4 Rfe2 31. Nb6 Qe6 32. Qf3 Rxa2 33. Rf2 Rxf2 34. Qxf2
Qg4 35. Re1 Rf4 36. Qd2 Qf5 37. Na4 g4 38. Qe3 h5 39. Nc5 Bh6 40. Qe2 h4 41. g3
hxg3 42. hxg3 Rf3 43. Kg2 Bf4 44. Rf1 Rxg3+ 45. Kf2 Re3 46. Qd1 Qh5 47. Rg1 g3+
0-1

[Event "SG Turm Raesfeld/Erle 1 - Südlohner SV"]
[Site "Regionalliga 2015/2016"]
[Date "2016.04.09"]
[Round "8.5"]
[White "Hater, Wolfgang"]
[Black "Bergemann, Martin"]
[Result "1/2-1/2"]
[WhiteElo "2030"]
[BlackElo "1910"]
[PlyCount "231"]
[EventDate "2016.??.??"]
[SourceDate "2015.09.11"]

1. e4 c5 2. Nf3 a6 3. c3 g6 4. d3 Bg7 5. Be3 d6 6. h3 Nf6 7. Nbd2 Nbd7 8. Be2
b5 9. d4 O-O 10. O-O e6 11. Bf4 Qe7 12. e5 dxe5 13. dxe5 Nd5 14. Bg3 Bb7 15.
Ne4 h6 16. Qc2 c4 17. Rfe1 Nc5 18. Nd6 Rad8 19. b3 cxb3 20. axb3 Nb6 21. b4
Nca4 22. c4 Rc8 23. Qb3 bxc4 24. Qc2 Qd7 25. Red1 Bd5 26. Nd4 Ra8 27. Ra3 a5
28. b5 Nc5 29. Bxc4 Nxc4 30. Nxc4 Qb7 31. Nd6 Qb6 32. Nc6 Bxc6 33. bxc6 Na6 34.
Rc1 Ra7 35. Rb3 Nb4 36. Qc4 Rc7 37. Rbc3 Rxc6 38. Qb3 Rxc3 39. Rxc3 Qd4 40. Re3
Nd5 41. Re4 Qa7 42. Qb7 Ra8 43. Qb3 a4 44. Qa3 Qa5 45. f4 Qc3 46. Qxc3 Nxc3 47.
Re3 a3 48. Rxc3 a2 49. Rc1 a1=Q 50. Rxa1 Rxa1+ 51. Kf2 f6 52. exf6 Bxf6 53. Kf3
Ra2 54. Bf2 Kf8 55. Ne4 Ra3+ 56. Ke2 Kg7 57. Be3 Ra4 58. Nc5 Ra2+ 59. Kf3 Kf7
60. Ne4 Be7 61. Bd4 Bb4 62. g4 Be1 63. Bg1 Ke7 64. Bc5+ Kd7 65. Bg1 Kc6 66. Nf6
Bc3 67. Ne4 Ra3 68. Kg2 Kd5 69. Ng3 Be1 70. Ne2 Ke4 71. Bc5 Ra2 72. Kf1 Bd2 73.
Bd6 Rb2 74. Be5 Rb1+ 75. Kg2 g5 76. Ng3+ Kd5 77. Ne2 Be1 78. Bg7 Ke4 79. Bxh6
gxf4 80. Bxf4 Rb2 81. Kf1 Bh4 82. Bc1 Rc2 83. Bh6 e5 84. g5 Kf5 85. Bg7 Bxg5
86. Ke1 Rc8 87. Ng3+ Ke6 88. Ke2 Rg8 89. Nh5 Kf5 90. Ng3+ Ke6 91. Nh5 e4 92.
Bd4 Kd5 93. Bf6 Rg6 94. Bg7 Ra6 95. Kf2 e3+ 96. Kf3 Ra2 97. Bc3 Rf2+ 98. Kg3
Ke4 99. h4 Be7 100. Kg4 Rh2 101. Be1 Kd3 102. Nf4+ Kc2 103. Kf3 Bc5 104. Ng2
Kd1 105. Bg3 Rh3 106. Nxe3+ Bxe3 107. Kxe3 Rxg3+ 108. Kf4 Rg1 109. h5 Kd2 110.
h6 Kd3 111. Kf5 Kd4 112. h7 Ra1 113. Kf6 Kd5 114. Kg7 Ra8 115. h8=Q Rxh8 116.
Kxh8 1/2-1/2

[Event "SG Turm Raesfeld/Erle 1 - Südlohner SV"]
[Site "Regionalliga 2015/2016"]
[Date "2016.04.09"]
[Round "8.6"]
[White "Tünte, Marcel"]
[Black "Telöken, Andreas"]
[Result "0-1"]
[WhiteElo "1705"]
[BlackElo "1990"]
[PlyCount "76"]
[EventDate "2016.??.??"]
[SourceDate "2015.09.11"]

1. e4 e6 2. d4 d5 3. e5 c5 4. c3 Qb6 5. Bd3 Bd7 6. Nf3 Nc6 7. Bc2 cxd4 8. cxd4
Nb4 9. Nc3 Nxc2+ 10. Qxc2 Ne7 11. O-O Nf5 12. Rd1 h6 13. b3 Rc8 14. Qd2 Bb4 15.
Bb2 O-O 16. Rdc1 Rc7 17. Rc2 Rfc8 18. Rac1 Qa6 19. a3 Bf8 20. h3 Qb6 21. b4 a5
22. bxa5 Qxa5 23. Qd3 Qb6 24. Nb1 Bb5 25. Qd2 Bc4 26. Rc3 Qa7 27. Kh2 Be7 28.
Kg1 b5 29. R3c2 Qb6 30. g3 Ra8 31. g4 Nh4 32. Nxh4 Bxh4 33. Bc3 f6 34. f4 fxe5
35. fxe5 Bg5 36. Qe1 Bxc1 37. Qxc1 Bd3 38. Rb2 Qxd4+ 0-1

[Event "SG Turm Raesfeld/Erle 1 - Südlohner SV"]
[Site "Regionalliga 2015/2016"]
[Date "2016.04.09"]
[Round "8.7"]
[White "Schmeing, Walter"]
[Black "Bölker, Franz"]
[Result "1-0"]
[WhiteElo "2002"]
[BlackElo "1806"]
[PlyCount "67"]
[EventDate "2016.??.??"]
[SourceDate "2015.09.11"]

1. e4 c5 2. Nf3 d6 3. d4 cxd4 4. Nxd4 Nf6 5. Nc3 a6 6. Bg5 Nbd7 7. Be2 e6 8. f4
b5 9. Bf3 Bb7 10. a3 Qc7 11. O-O Be7 12. Kh1 O-O 13. Qe1 Nc5 14. Qe3 Rfd8 15.
Bh4 Rac8 16. Rad1 d5 17. exd5 Nxd5 18. Nxd5 Bxd5 19. Bxe7 Qxe7 20. Bxd5 Rxd5
21. Nc6 Rxc6 22. Rxd5 Na4 23. Rfd1 Rc8 24. Rd7 Qf6 25. Qe5 Nb6 26. Qxf6 gxf6
27. Rd8+ Rxd8 28. Rxd8+ Kg7 29. b3 Nd5 30. c4 bxc4 31. bxc4 Nxf4 32. c5 e5 33.
c6 Ne6 34. Rd7 1-0

[Event "SG Turm Raesfeld/Erle 1 - Südlohner SV"]
[Site "Regionalliga 2015/2016"]
[Date "2016.04.09"]
[Round "8.8"]
[White "Grömping, Franz-Josef"]
[Black "Telöken, Daniel"]
[Result "0-1"]
[WhiteElo "1678"]
[BlackElo "1833"]
[PlyCount "54"]
[EventDate "2016.??.??"]
[SourceDate "2015.09.11"]

1. e4 c5 2. Nf3 g6 3. d4 cxd4 4. Nxd4 Bg7 5. Be3 d6 6. Nc3 Nf6 7. Be2 Nc6 8.
Qd2 Bd7 9. O-O-O O-O 10. Kb1 Rc8 11. h3 a6 12. g4 b5 13. a3 b4 14. axb4 Nxb4
15. Nb3 a5 16. e5 Ne8 17. Bh6 d5 18. Bxg7 Nxg7 19. h4 f6 20. g5 Bf5 21. Nd4
fxe5 22. Nxf5 Nxf5 23. Bg4 d4 24. Qe2 Qe8 25. Rxd4 exd4 26. Qe6+ Rf7 27. h5 Qc6
0-1

[Event "SC Klein-Berlin Rheine 1 - Schach Nienb"]
[Site "Regionalliga 2015/2016"]
[Date "2016.04.09"]
[Round "8.3"]
[White "Kemper, Georg"]
[Black "Langhanke, Günther"]
[Result "1/2-1/2"]
[WhiteElo "1907"]
[BlackElo "1986"]
[PlyCount "24"]
[EventDate "2016.??.??"]
[SourceDate "2015.09.11"]

1. d4 d5 2. c4 e6 3. g3 Nf6 4. Bg2 Be7 5. Nf3 O-O 6. O-O dxc4 7. Qa4 Bd7 8.
Qxc4 Bc6 9. Ne5 Bxg2 10. Kxg2 Qd5+ 11. Qxd5 exd5 12. Nc3 c6 1/2-1/2

[Event "SC Klein-Berlin Rheine 1 - Schach Nienb"]
[Site "Regionalliga 2015/2016"]
[Date "2016.04.09"]
[Round "8.4"]
[White "Langhans, Jörg"]
[Black "Haas, Kai Markus"]
[Result "1/2-1/2"]
[WhiteElo "1937"]
[BlackElo "1997"]
[PlyCount "20"]
[EventDate "2016.??.??"]
[SourceDate "2015.09.11"]

1. e4 d5 2. exd5 Nf6 3. d4 Bg4 4. f3 Bf5 5. Bb5+ Nbd7 6. c4 a6 7. Bxd7+ Qxd7 8.
Ne2 e6 9. dxe6 Bxe6 10. b3 O-O-O 1/2-1/2

[Event "SC Klein-Berlin Rheine 1 - Schach Nienb"]
[Site "Regionalliga 2015/2016"]
[Date "2016.04.09"]
[Round "8.8"]
[White "van Dijk, Guido"]
[Black "Wolf, Manfred"]
[Result "1/2-1/2"]
[WhiteElo "1726"]
[BlackElo "1535"]
[PlyCount "33"]
[EventDate "2016.??.??"]
[SourceDate "2015.09.11"]

1. e4 e5 2. Nf3 Nc6 3. Bc4 Be7 4. Nc3 Nf6 5. d3 O-O 6. a3 d6 7. h3 a6 8. Be3
Bd7 9. O-O Qc8 10. Nh2 Be6 11. Nd5 Qd7 12. f4 exf4 13. Bxf4 Ne5 14. Nxe7+ Qxe7
15. Bxe5 dxe5 16. Bxe6 Qxe6 17. Nf3 1/2-1/2